La Norvège pour les touristes... - Facile - Statistiques

Statistiques générales
  • Ce quiz a été pris 47 fois
  • Le résultat moyen est 11 sur 20
Statistiques - réponses
Question Indice Réponses Indice facile % Correct
Le suffixe internet est no
98%
Quelle est la langue officielle ? Norvégien N
95%
Quelles sont les principales villes touristiques ? O Oslo
85%
Dans la capitale y-a-t-il un décalage horaire avec Paris ? (oui/non) Non
83%
La conduite se fait à droite ou à gauche ? Droite
80%
Quelles sont les principales villes touristiques ? B Bergen GENREB
70%
Quelles autres langues sont répandues ? A Anglais A
63%
Quelle est la monnaie ? Couronne norvégienne C
63%
Achats à faire 2/ Une peau de... Renne NENER
60%
Le taux d'alcoolémie toléré au volant est de {0.2} g/l
58%
La vitesse est limitée sur autoroutes à {100} km/h
58%
Quelles sont les principales villes touristiques ? T Tromso OMORTS
50%
Quelles sont les principales villes touristiques ? S Stavanger VARGENTAS
38%
Quelles autres langues sont répandues ? S Langues {Sames} MASSE
35%
Quels sites peut-on visiter ? L Les {Lofoten} FELONOT
35%
Quels sites peut-on visiter ? S Iles du {Svalbard} BAVARDSL
30%
Quelles sont les principales villes touristiques ? A Alesund NADULES
28%
La religion majoritaire est Luthéranisme L
28%
Achats à faire 1/ Peigne à Myrtilles LYRISMELT
20%
.Achats à faire 3/ Confiture de.. Multe MULET
15%
Aucun quiz correspondant
Distribution des résultats
% des personnes avec chaque résultat
Percentile par nombre de réponses
Votre historique - résultats
Vous n’avez pas pris ce quiz